[Event "Euskadi-ch Seniors 29th"]
[Site "Zarautz"]
[Date "2019.06.23"]
[Round "5"]
[White "Ladron de Guevara Galar, Francisco Javier"]
[Black "Lakunza Oyarbide, Juan Carlos"]
[Result "1-0"]
[WhiteElo "2029"]
[BlackElo "2052"]
[PlyCount "70"]
[EventDate "2019.06.22"]
[EventType "swiss"]
[EventRounds "6"]
[EventCountry "ESP"]
[SourceTitle "CBM 192 Extra"]
[Source "Chessbase"]
[SourceDate "2019.11.06"]
[SourceVersion "1"]
[SourceVersionDate "2019.11.06"]
[SourceQuality "1"]

1. d4 Nf6 2. c4 e6 3. Nc3 c5 4. d5 exd5 5. cxd5 d6 6. e4 g6 7. h3 Bg7 8. Nf3 0-0 9. Bd3 b6 10. 0-0 Ba6 11. Re1 Bxd3 12. Qxd3 a6 13. a4 Ra7 14. Bf4 Nh5 15. Bh2 Re8 16. Nd2 Be5 17. g3 Rb7 18. Nc4 Bxc3 19. bxc3 b5 20. axb5 axb5 21. Nd2 Qb6 22. g4 Ng7 23. Reb1 Rd8 24. c4 b4 25. e5 dxe5 26. Bxe5 Nd7 27. Bb2 Ra7 28. Ne4 Rxa1 29. Rxa1 f5 30. Ng5 h6 31. Bxg7 hxg5 32. Bb2 Qd6 33. Re1 Qf8 34. Re6 Qf7 35. Qe3 Kf8 1-0

[Event "San Sebastian op 40th"]
[Site "San Sebastian"]
[Date "2017.04.11"]
[Round "5"]
[White "Prieto Aranguren, Alain"]
[Black "Lakunza Oyarbide, Juan Carlos"]
[Result "1-0"]
[WhiteElo "2224"]
[BlackElo "2063"]
[PlyCount "79"]
[EventDate "2017.04.08"]
[EventType "swiss"]
[EventRounds "9"]
[EventCountry "ESP"]
[SourceTitle "CBM 177 Extra"]
[Source "ChessBase"]
[SourceDate "2017.04.27"]
[SourceVersion "1"]
[SourceVersionDate "2017.04.27"]
[SourceQuality "1"]

1. d4 Nf6 2. c4 g6 3. Nc3 Bg7 4. e4 d6 5. Be2 0-0 6. Nf3 e5 7. d5 Nbd7 8. 0-0 Nc5 9. Qc2 a5 10. Bg5 h6 11. Be3 Nfd7 12. Nd2 f5 13. f3 Nf6 14. a3 Nh5 15. b4 axb4 16. axb4 Rxa1 17. Rxa1 Nd7 18. c5 Nf4 19. Bf1 fxe4 20. Ndxe4 Nf6 21. Nxf6+ Qxf6 22. Ne4 Qe7 23. Qc4 Qf7 24. cxd6 Nxd5 25. Bc5 Be6 26. dxc7 Nxc7 27. Qc2 Ra8 28. Rxa8+ Nxa8 29. Nd6 Qd7 30. Bb5 Qe7 31. Qxg6 b6 32. Nc8 Qf7 33. Qxf7+ Kxf7 34. Nxb6 Nc7 35. Bc4 Bxc4 36. Nxc4 Ke6 37. Nd6 Kd5 38. Nf5 Bf6 39. Nxh6 Na6 40. Ng4 1-0

[Event "San Sebastian op 40th"]
[Site "San Sebastian"]
[Date "2017.04.09"]
[Round "3"]
[White "Del Rey, Diego"]
[Black "Lakunza Oyarbide, Juan Carlos"]
[Result "1-0"]
[WhiteElo "2356"]
[BlackElo "2063"]
[PlyCount "83"]
[EventDate "2017.04.08"]
[EventType "swiss"]
[EventRounds "9"]
[EventCountry "ESP"]
[SourceTitle "CBM 177 Extra"]
[Source "ChessBase"]
[SourceDate "2017.04.27"]
[SourceVersion "1"]
[SourceVersionDate "2017.04.27"]
[SourceQuality "1"]

1. d4 Nf6 2. Nf3 g6 3. c4 Bg7 4. Nc3 0-0 5. Bg5 h6 6. Bh4 d6 7. e3 g5 8. Bg3 Nh5 9. Bd3 Bg4 10. Qb3 Qc8 11. 0-0-0 Nc6 12. h4 Nxg3 13. fxg3 gxh4 14. Rxh4 e5 15. d5 Ne7 16. Rf1 Bf5 17. Qc2 Bxd3 18. Qxd3 Qf5 19. e4 Qg6 20. g4 Bf6 21. Rh3 Qxg4 22. Kb1 Kg7 23. Nd4 Bg5 24. Rg3 Qd7 25. Nf5+ Kg6 26. Qf3 f6 27. Nxe7+ Qxe7 28. Rh3 Qd7 29. g4 c5 30. Ne2 b5 31. cxb5 Qxb5 32. Qf5+ Kg7 33. Nc3 Qa6 34. Rf2 Rf7 35. Ne2 Rb8 36. Nc3 Qc8 37. Qxc8 Rxc8 38. Nb5 Rd7 39. Ra3 Kf7 40. Rxa7 Ke7 41. Rf3 Rb8 42. a4 1-0

[Event "Getxo op 1st"]
[Site "Getxo"]
[Date "2016.09.14"]
[Round "6.6"]
[White "Prieto Aranguren, Alain"]
[Black "Lakunza Oyarbide, Juan Carlos"]
[Result "1/2-1/2"]
[WhiteElo "2168"]
[BlackElo "2046"]
[PlyCount "142"]
[EventDate "2016.09.10"]
[EventType "swiss"]
[EventCountry "ESP"]
[SourceTitle "EXT 2024"]
[Source "ChessBase"]
[SourceDate "2023.10.10"]
[SourceVersion "1"]
[SourceVersionDate "2023.10.10"]
[SourceQuality "1"]

1. d4 Nf6 2. c4 g6 3. Nc3 Bg7 4. e4 d6 5. Be2 0-0 6. Nf3 e5 7. 0-0 Nc6 8. d5 Ne7 9. b4 Nh5 10. Re1 f5 11. Ng5 Nf6 12. Bf3 fxe4 13. Ncxe4 Nf5 14. Bb2 Nh4 15. Be2 Nxe4 16. Nxe4 Bf5 17. Bf1 Qe7 18. g3 Bxe4 19. Rxe4 Nf3+ 20. Kh1 Qd7 21. Bg2 Ng5 22. Re2 Qg4 23. Rc2 Qf5 24. Qe2 e4 25. Bxg7 Kxg7 26. Qe3 a5 27. bxa5 Rxa5 28. Rb1 b6 29. Re1 Raa8 30. Qd4+ Qf6 31. Qxf6+ Rxf6 32. h4 Nf3 33. Rxe4 Ne5 34. f4 Nd3 35. Rd2 Ra3 36. Kh2 Nc5 37. Ree2 Rf8 38. Rc2 Kf7 39. Re1 Re8 40. Rxe8 Kxe8 41. Bh3 h5 42. f5 Kf7 43. Rf2 Ne4 44. fxg6+ Kg7 45. Rf7+ Kxg6 46. Rxc7 Nxg3 47. Rc6 Nf5 48. Rxb6 Rxa2+ 49. Kg1 Rc2 50. Bf1 Kf6 51. Bd3 Rc3 52. Be2 Ke5 53. Rb8 Ng3 54. Rb2 Kd4 55. Bd1 Kxc4 56. Kg2 Nf5 57. Bxh5 Nxh4+ 58. Kf2 Kxd5 59. Rb5+ Rc5 60. Rb2 Nf5 61. Bf3+ Kc4 62. Rc2+ Kd3 63. Ra2 Nd4 64. Ra3+ Kc4 65. Be4 Rh5 66. Kg3 Rh8 67. Ra7 Rf8 68. Rc7+ Kb4 69. Rb7+ Kc3 70. Bd5 Nf5+ 71. Kf4 Ne7+ 1/2-1/2

[Event "San Sebastian Primavera de Gros op 11th"]
[Site "San Sebastian"]
[Date "2015.06.06"]
[Round "7"]
[White "Cantabrana Garona, Alejandro"]
[Black "Lakunza Oyarbide, Juan Carlos"]
[Result "0-1"]
[WhiteElo "1773"]
[BlackElo "2092"]
[PlyCount "64"]
[EventDate "2015.04.25"]
[EventType "swiss"]
[EventRounds "8"]
[EventCountry "ESP"]
[SourceTitle "EXT 2019"]
[Source "ChessBase"]
[SourceDate "2018.10.10"]
[SourceVersion "1"]
[SourceVersionDate "2018.10.10"]
[SourceQuality "1"]

1. c4 Nf6 2. g3 g6 3. d4 Bg7 4. Bg2 0-0 5. Nc3 d6 6. e4 c5 7. Nge2 Nc6 8. d5 Ne5 9. b3 Bg4 10. 0-0 Nf3+ 11. Bxf3 Bxf3 12. Qd3 Bxe4 13. Nxe4 Nxe4 14. Rb1 Nf6 15. f4 e6 16. Nc3 exd5 17. Nxd5 Nxd5 18. Qxd5 Qd7 19. Be3 Rfe8 20. Bxc5 Rad8 21. Rbd1 b6 22. Bd4 Re2 23. Rf2 Qg4 24. Bxg7 Kxg7 25. Rdf1 Rxf2 26. Rxf2 Qe6 27. Qd4+ Qf6 28. Qd5 Re8 29. f5 Re5 30. fxg6 Rxd5 31. Rxf6 Kxf6 32. cxd5 fxg6 0-1

[Event "San Sebastian Primavera de Gros op 11th"]
[Site "San Sebastian"]
[Date "2015.05.30"]
[Round "6"]
[White "Lakunza Oyarbide, Juan Carlos"]
[Black "Burgana Lardizabal, Jose Angel"]
[Result "1/2-1/2"]
[WhiteElo "2092"]
[BlackElo "1798"]
[PlyCount "75"]
[EventDate "2015.04.25"]
[EventType "swiss"]
[EventRounds "8"]
[EventCountry "ESP"]
[SourceTitle "EXT 2019"]
[Source "ChessBase"]
[SourceDate "2018.10.10"]
[SourceVersion "1"]
[SourceVersionDate "2018.10.10"]
[SourceQuality "1"]

1. d4 d5 2. Nf3 Bf5 3. c4 e6 4. Qb3 Nc6 5. Nc3 Bb4 6. cxd5 Qxd5 7. Qxd5 exd5 8. Bf4 0-0-0 9. e3 f6 10. Rc1 Nge7 11. Be2 g5 12. Bg3 h5 13. Nd2 h4 14. Bxc7 Kxc7 15. 0-0 Kb8 16. h3 Rhg8 17. a3 Bxc3 18. Rxc3 g4 19. hxg4 Bxg4 20. f3 Bd7 21. Kf2 Nf5 22. Bd1 Ng3 23. Rg1 f5 24. Rc5 Ne7 25. Bb3 Bc6 26. Ba2 Rgf8 27. f4 Rc8 28. Bb1 b6 29. Rcc1 Bb7 30. Nf3 Ng6 31. Nxh4 Nxh4 32. Kxg3 Rxc1 33. Rxc1 Ng6 34. Rh1 Rf7 35. Rh6 Ne7 36. Bd3 Kc7 37. Kf3 Bc8 38. Kg3 1/2-1/2

[Event "San Sebastian Primavera de Gros op 11th"]
[Site "San Sebastian"]
[Date "2015.05.23"]
[Round "5"]
[White "Berdote Alonso, Carlos"]
[Black "Lakunza Oyarbide, Juan Carlos"]
[Result "1-0"]
[WhiteElo "1866"]
[BlackElo "2092"]
[PlyCount "32"]
[EventDate "2015.04.25"]
[EventType "swiss"]
[EventRounds "8"]
[EventCountry "ESP"]
[SourceTitle "EXT 2019"]
[Source "ChessBase"]
[SourceDate "2018.10.10"]
[SourceVersion "1"]
[SourceVersionDate "2018.10.10"]
[SourceQuality "1"]

1. d4 Nf6 2. c4 g6 3. Nc3 Bg7 4. e4 d6 5. Be2 0-0 6. Be3 e5 7. d5 Nbd7 8. Nf3 Ng4 9. Bg5 f6 10. Bh4 h5 11. h3 Nh6 12. Nd2 g5 13. Bg3 h4 14. Bh2 f5 15. Qc2 a5 16. exf5 Nc5 1-0

[Event "Benidorm op U2300 13th"]
[Site "Benidorm"]
[Date "2014.11.29"]
[Round "2"]
[White "Lakunza Oyarbide, Juan Carlos"]
[Black "Bendayan Claros, Aaron Arturo"]
[Result "1-0"]
[WhiteElo "2059"]
[BlackElo "2233"]
[PlyCount "69"]
[EventDate "2014.11.28"]
[EventType "swiss"]
[EventRounds "10"]
[EventCountry "ESP"]
[SourceTitle "CBM 163 Extra"]
[Source "ChessBase"]
[SourceDate "2014.12.23"]
[SourceVersion "1"]
[SourceVersionDate "2014.12.23"]
[SourceQuality "1"]

1. d4 d5 2. Nf3 Nf6 3. c4 c6 4. Nc3 a6 5. b3 b5 6. g3 Bf5 7. Bg2 Qa5 8. Bd2 b4 9. Na4 Ne4 10. Ne5 f6 11. Nd3 e6 12. Rc1 Nd7 13. 0-0 Be7 14. c5 Nxd2 15. Qxd2 Rb8 16. Rfe1 Bxd3 17. exd3 Nf8 18. Bh3 f5 19. g4 g6 20. gxf5 gxf5 21. Nb6 Rg8+ 22. Kh1 Kf7 23. a4 Bg5 24. f4 Bd8 25. Qe2 Bxb6 26. Bxf5 Re8 27. Qh5+ Ke7 28. Bxe6 Nxe6 29. f5 Bc7 30. Rxe6+ Kd8 31. Rce1 Ref8 32. f6 Kd7 33. f7 Rg7 34. Re7+ Kc8 35. Re8+ 1-0

[Event "Euskadi-chT (Vasca) Div Honor"]
[Site "Bergara"]
[Date "2014.02.01"]
[Round "4.5"]
[White "Martinez Martin, Inigo"]
[Black "Lakunza Oyarbide, Juan Carlos"]
[Result "1-0"]
[WhiteElo "2189"]
[BlackElo "2127"]
[PlyCount "49"]
[EventDate "2014.01.11"]
[EventType "team-tourn"]
[EventRounds "9"]
[EventCountry "ESP"]
[SourceTitle "EXT 2024"]
[Source "ChessBase"]
[SourceDate "2023.10.10"]
[SourceVersion "1"]
[SourceVersionDate "2023.10.10"]
[SourceQuality "1"]

1. e4 e5 2. Nc3 Nc6 3. f4 exf4 4. Nf3 g5 5. h3 Bg7 6. d4 h6 7. Bc4 Nge7 8. 0-0 0-0 9. h4 g4 10. Ne5 Nxe5 11. dxe5 Ng6 12. Bxf4 Bxe5 13. Qxg4 d5 14. Qg3 Bxf4 15. Rxf4 dxc4 16. Rd1 Qe7 17. Nd5 Qe5 18. Rdf1 Kh8 19. Qxg6 Qg7 20. Qh5 c6 21. Nf6 Be6 22. R1f3 Rad8 23. Re3 Qg6 24. Qe5 Ra8 25. Ref3 1-0

[Event "Donostia Gipuzkoa-ch"]
[Site "San Sebastian"]
[Date "2013.10.26"]
[Round "4"]
[White "Perez Cela, David"]
[Black "Lakunza Oyarbide, Juan Carlos"]
[Result "0-1"]
[WhiteElo "2036"]
[BlackElo "2120"]
[PlyCount "96"]
[EventDate "2013.10.05"]
[EventType "swiss"]
[EventRounds "7"]
[EventCountry "ESP"]
[SourceTitle "EXT 2015"]
[Source "ChessBase"]
[SourceDate "2014.11.20"]
[SourceVersion "1"]
[SourceVersionDate "2014.11.20"]
[SourceQuality "1"]

1. e4 e5 2. Bc4 Nc6 3. Nc3 Nf6 4. d3 Bc5 5. Nf3 a6 6. 0-0 d6 7. h3 Na5 8. Bg5 Nxc4 9. dxc4 h6 10. Bh4 g5 11. Bg3 Be6 12. Qd3 Nh5 13. Ne2 Qf6 14. b3 Qg6 15. Kh1 f5 16. Nd2 f4 17. Bh2 g4 18. h4 Rg8 19. g3 f3 20. Nc3 Bd4 21. Rab1 Bxc3 22. Qxc3 Nf6 23. Rfe1 Bd7 24. b4 Bc6 25. Qd3 b6 26. c5 dxc5 27. bxc5 b5 28. Qc3 Nd7 29. a4 Qe6 30. axb5 Bxb5 31. Qa5 Qc6 32. Qa2 Ke7 33. c4 Ba4 34. Rb4 Nxc5 35. Qa3 Kf6 36. Qe3 Kg7 37. Nxf3 gxf3 38. g4 Kh7 39. Qxf3 Raf8 40. Qe2 Nxe4 41. f3 Nc5 42. Rxa4 Rxf3 43. Qg2 Rxg4 44. Ra2 Rxg2 45. Rxg2 Rf2 46. Reg1 Nd3 47. Bg3 Rxg2 48. Rxg2 Nf4 0-1

[Event "Donostia Spring op 09th"]
[Site "Donostia"]
[Date "2013.06.01"]
[Round "8"]
[White "Lakunza Oyarbide, Juan Carlos"]
[Black "Miguelez Garcia, Erlantz"]
[Result "1/2-1/2"]
[WhiteElo "2122"]
[BlackElo "1996"]
[PlyCount "93"]
[EventDate "2013.04.19"]
[EventType "swiss"]
[EventRounds "8"]
[EventCountry "ESP"]
[SourceTitle "EXT 2024"]
[Source "ChessBase"]
[SourceDate "2023.10.10"]
[SourceVersion "1"]
[SourceVersionDate "2023.10.10"]
[SourceQuality "1"]

1. d4 Nf6 2. c4 e6 3. Nf3 d5 4. g3 Be7 5. Bg2 0-0 6. 0-0 c6 7. Nbd2 Nbd7 8. Qc2 Qc7 9. e4 dxe4 10. Nxe4 Nxe4 11. Qxe4 b6 12. Bf4 Bd6 13. Ng5 Nf6 14. Bxd6 Qxd6 15. Qxc6 Qxc6 16. Bxc6 Rb8 17. b4 Rd8 18. Rfd1 Bb7 19. Bg2 h6 20. Nf3 Ne4 21. Rac1 Kf8 22. a3 Rbc8 23. Kf1 Rxc4 24. Rxc4 Ba6 25. Ke1 Bxc4 26. Ne5 Bd5 27. Rc1 Nf6 28. Bf1 Ne8 29. Kd2 f6 30. Ng6+ Kf7 31. Bd3 Bb7 32. Ke3 Rc8 33. Rxc8 Bxc8 34. h4 Bb7 35. Nf4 Nc7 36. Bc4 g5 37. hxg5 hxg5 38. Ne2 Ke7 39. Nc3 Kd6 40. Ne4+ Ke7 41. Nc3 Kd6 42. Kd3 e5 43. Ne4+ Bxe4+ 44. Kxe4 exd4 45. Kxd4 f5 46. f4 g4 47. Bd3 1/2-1/2

[Event "Donostia Spring op 09th"]
[Site "Donostia"]
[Date "2013.05.25"]
[Round "7"]
[White "Izagirre Alsua, Aritz"]
[Black "Lakunza Oyarbide, Juan Carlos"]
[Result "0-1"]
[WhiteElo "1850"]
[BlackElo "2122"]
[PlyCount "106"]
[EventDate "2013.04.19"]
[EventType "swiss"]
[EventRounds "8"]
[EventCountry "ESP"]
[SourceTitle "EXT 2024"]
[Source "ChessBase"]
[SourceDate "2023.10.10"]
[SourceVersion "1"]
[SourceVersionDate "2023.10.10"]
[SourceQuality "1"]

1. e4 e5 2. Nf3 Nc6 3. Bb5 a6 4. Ba4 Nf6 5. 0-0 Nxe4 6. Re1 Nc5 7. Bxc6 dxc6 8. Nxe5 Be6 9. d4 Nd7 10. Nf3 Be7 11. Nbd2 0-0 12. Ne4 Re8 13. b3 Bf5 14. Ng3 Bg6 15. h4 h6 16. h5 Bh7 17. Bf4 Nf8 18. Qd2 Ne6 19. Be3 Bd6 20. Nf1 Qf6 21. Ne5 Qf5 22. Rac1 Qxh5 23. Ng3 Qh4 24. c3 Rad8 25. Qe2 f6 26. Nf3 Qg4 27. Nf1 Kh8 28. N1h2 Qh5 29. g3 Be4 30. Nd2 Qxe2 31. Rxe2 Bd3 32. Ree1 f5 33. Kg2 f4 34. gxf4 Nxf4+ 35. Bxf4 Bxf4 36. Nhf3 Be4 37. Rcd1 Bxd2 38. Rxe4 Rxe4 39. Rxd2 g5 40. Rc2 Kg7 41. Kg3 Rf8 42. Rd2 Rf5 43. b4 h5 44. Ne5 Kh6 45. a4 h4+ 46. Kg2 g4 47. a5 Kg5 48. Nd7 h3+ 49. Kg1 Re1+ 50. Kh2 Rf1 51. Nc5 R5xf2+ 52. Rxf2 Rxf2+ 53. Kg1 Rc2 0-1

[Event "San Sebastian op 36th"]
[Site "San Sebastian"]
[Date "2013.03.29"]
[Round "8"]
[White "Rodsmoen, Maud"]
[Black "Lakunza Oyarbide, Juan Carlos"]
[Result "0-1"]
[WhiteElo "1750"]
[BlackElo "2116"]
[PlyCount "96"]
[EventDate "2013.03.23"]
[EventType "swiss"]
[EventRounds "9"]
[EventCountry "ESP"]
[SourceTitle "CBM 153 Extra"]
[Source "ChessBase"]
[SourceDate "2013.04.22"]
[SourceVersion "1"]
[SourceVersionDate "2013.04.22"]
[SourceQuality "1"]

1. e4 e5 2. Nf3 Nc6 3. Bb5 Nd4 4. Nxd4 exd4 5. c3 Bc5 6. 0-0 Ne7 7. Qh5 Bb6 8. d3 c6 9. Ba4 d5 10. Re1 0-0 11. cxd4 Bxd4 12. Nc3 Qa5 13. Bb3 Bxc3 14. bxc3 Be6 15. Bb2 Rad8 16. Kh1 Qb6 17. Ba3 Rfe8 18. d4 dxe4 19. Bxe6 fxe6 20. Rxe4 Nd5 21. Qh3 e5 22. Rae1 Qa5 23. Bb4 Nxb4 24. cxb4 Qxa2 25. dxe5 Qxf2 26. e6 Rd4 27. Re5 Rd5 28. R5e4 Rd4 29. Re5 Rf4 30. Qd3 Qd4 31. Qe2 Rf2 32. Qh5 g6 33. Qg5 Qf4 34. Kg1 Qxg5 35. Rxg5 Rb2 36. Rg4 Re7 37. Rd4 Kg7 38. Rd7 Kf6 39. Re4 Rxd7 40. exd7 Rd2 41. Rf4+ Ke7 42. Rh4 h5 43. g4 Rd4 44. Kf2 Kxd7 45. Kg3 Rxg4+ 46. Rxg4 hxg4 47. Kxg4 Ke6 48. Kg5 Kf7 0-1

[Event "San Sebastian op 36th"]
[Site "San Sebastian"]
[Date "2013.03.26"]
[Round "5"]
[White "Ruiz Escobar, Rafael"]
[Black "Lakunza Oyarbide, Juan Carlos"]
[Result "1-0"]
[WhiteElo "1932"]
[BlackElo "2116"]
[PlyCount "143"]
[EventDate "2013.03.23"]
[EventType "swiss"]
[EventRounds "9"]
[EventCountry "ESP"]
[SourceTitle "CBM 153 Extra"]
[Source "ChessBase"]
[SourceDate "2013.04.22"]
[SourceVersion "1"]
[SourceVersionDate "2013.04.22"]
[SourceQuality "1"]

1. d4 Nf6 2. Nf3 g6 3. c4 Bg7 4. Nc3 0-0 5. e4 d6 6. Be2 e5 7. Be3 Ng4 8. Bg5 f6 9. Bd2 Nc6 10. d5 Ne7 11. h3 Nh6 12. 0-0 Nf7 13. b4 f5 14. Ng5 Nxg5 15. Bxg5 h6 16. Bd2 Kh7 17. f3 Ng8 18. Be1 Bf6 19. Bf2 Bh4 20. g3 Be7 21. exf5 Bxf5 22. g4 Bd7 23. Bd3 Bh4 24. Qe2 Kg7 25. Ne4 Bxf2+ 26. Qxf2 Nf6 27. Qg3 Nxe4 28. Bxe4 Rf4 29. Qf2 Qe7 30. Qe2 Be8 31. Rae1 Qf6 32. Qh2 Qh4 33. Re2 Bd7 34. Rg2 Raf8 35. Qg3 Qe7 36. Qe1 Ra8 37. Re2 Qf6 38. Rg2 Qe7 39. Qg3 Raf8 40. Re1 Ra8 41. Bxg6 Rxc4 42. Bf5 Rxb4 43. f4 Re8 44. fxe5 dxe5 45. Bxd7 Qxd7 46. Rxe5 Re4 47. Rxe4 Rxe4 48. Qc3+ Kg8 49. Qd3 Qe7 50. Rf2 Re1+ 51. Kg2 Kg7 52. Qc3+ Qe5 53. Qxe5+ Rxe5 54. Rc2 Re7 55. h4 Kf6 56. Rf2+ Kg6 57. Kg3 Rd7 58. Rd2 c6 59. d6 Kf6 60. Kf4 c5 61. a4 Ke6 62. Re2+ Kxd6 63. Kf5 Kc7 64. g5 hxg5 65. hxg5 Rd1 66. Rg2 Kd6 67. g6 Rf1+ 68. Kg4 Rf8 69. Rd2+ Kc6 70. g7 Rb8 71. Rf2 Rg8 72. Kg3 1-0

[Event "Donostia Gipuzkoa-ch"]
[Site "San Sebastian"]
[Date "2012.11.24"]
[Round "6"]
[White "Sanchez Ruesga, Hector"]
[Black "Lakunza Oyarbide, Juan Carlos"]
[Result "1-0"]
[WhiteElo "1965"]
[BlackElo "2119"]
[PlyCount "25"]
[EventDate "2012.10.20"]
[EventType "swiss"]
[EventRounds "7"]
[EventCountry "ESP"]
[SourceTitle "EXT 2014"]
[Source "ChessBase"]
[SourceDate "2013.11.20"]
[SourceVersion "1"]
[SourceVersionDate "2013.11.20"]
[SourceQuality "1"]

1. d4 Nf6 2. c4 g6 3. g3 Bg7 4. Bg2 0-0 5. Nc3 d6 6. Nf3 Nc6 7. 0-0 Bg4 8. d5 Bxf3 9. exf3 Ne5 10. Qe2 Re8 11. f4 Ned7 12. Be3 Qc8 13. h4 1-0

[Event "San Sebastian Primavera de Gros op 8th"]
[Site "San Sebastian"]
[Date "2012.05.26"]
[Round "6"]
[White "Lakunza Oyarbide, Juan Carlos"]
[Black "Sanchez Merino, Christian"]
[Result "1-0"]
[WhiteElo "2111"]
[BlackElo "1601"]
[PlyCount "84"]
[EventDate "2012.04.21"]
[EventType "swiss"]
[EventRounds "7"]
[EventCountry "ESP"]
[SourceTitle "EXT 2014"]
[Source "ChessBase"]
[SourceDate "2013.11.20"]
[SourceVersion "1"]
[SourceVersionDate "2013.11.20"]
[SourceQuality "1"]

1. d4 g6 2. c4 Bg7 3. Nc3 Nf6 4. e4 d6 5. Nge2 0-0 6. h3 Nbd7 7. Bg5 c5 8. Qd2 Qa5 9. d5 Re8 10. Ng3 a6 11. Be2 Rb8 12. a4 Qb4 13. 0-0 Ne5 14. Nb1 Qxd2 15. Bxd2 e6 16. f4 Ned7 17. Nc3 Nb6 18. Bd3 exd5 19. exd5 Bd7 20. Kh2 Re7 21. f5 Rf8 22. Bg5 Ree8 23. b3 Nc8 24. Rac1 Ne7 25. Rc2 Bc8 26. Bf4 Rd8 27. Re2 Nxf5 28. Bxf5 Bxf5 29. Nxf5 gxf5 30. Bg5 Nh5 31. Bxd8 Rxd8 32. Rf3 Be5+ 33. Rxe5 dxe5 34. Rxf5 Nf4 35. Rxe5 Nd3 36. Re3 Nb4 37. Re7 b6 38. Kg3 Kg7 39. Ne4 Kg6 40. Rb7 Kf5 41. Kf3 Kg6 42. Kg3 f5 1-0

[Event "San Sebastian Primavera de Gros op 8th"]
[Site "San Sebastian"]
[Date "2012.04.28"]
[Round "2"]
[White "Lakunza Oyarbide, Juan Carlos"]
[Black "Saenz Zabala, Juan Ignacio"]
[Result "1-0"]
[WhiteElo "2111"]
[BlackElo "1794"]
[PlyCount "61"]
[EventDate "2012.04.21"]
[EventType "swiss"]
[EventRounds "7"]
[EventCountry "ESP"]
[SourceTitle "EXT 2014"]
[Source "ChessBase"]
[SourceDate "2013.11.20"]
[SourceVersion "1"]
[SourceVersionDate "2013.11.20"]
[SourceQuality "1"]

1. d4 e6 2. Nf3 f5 3. g3 Nf6 4. Bg2 Be7 5. 0-0 0-0 6. c4 d6 7. Nc3 a5 8. b3 Na6 9. Bb2 c6 10. Qc2 Nb4 11. Qb1 Bd7 12. a3 Na6 13. e4 fxe4 14. Nxe4 Nxe4 15. Qxe4 Bf6 16. Rfe1 Nc7 17. h4 h6 18. Nh2 Qe8 19. Ng4 d5 20. Nxf6+ Rxf6 21. Qe5 Rc8 22. Bc3 Rf5 23. Qd6 b6 24. g4 Rf6 25. a4 Qf7 26. c5 Ne8 27. Qg3 bxc5 28. dxc5 Rg6 29. h5 Rf6 30. Be5 Nc7 31. Bxc7 1-0

[Event "San Sebastian Primavera de Gros op 8th"]
[Site "San Sebastian"]
[Date "2012.04.21"]
[Round "1"]
[White "Garcia Martinez, Enara"]
[Black "Lakunza Oyarbide, Juan Carlos"]
[Result "0-1"]
[WhiteElo "1631"]
[BlackElo "2111"]
[PlyCount "102"]
[EventDate "2012.04.21"]
[EventType "swiss"]
[EventRounds "7"]
[EventCountry "ESP"]
[SourceTitle "EXT 2014"]
[Source "ChessBase"]
[SourceDate "2013.11.20"]
[SourceVersion "1"]
[SourceVersionDate "2013.11.20"]
[SourceQuality "1"]

1. e4 Nf6 2. Nc3 e5 3. Nf3 Nc6 4. Bc4 Nxe4 5. Nxe4 d5 6. Bd3 dxe4 7. Bxe4 Bc5 8. Bxc6+ bxc6 9. d3 0-0 10. 0-0 Qd5 11. h3 Rb8 12. b3 Bf5 13. Be3 Bxe3 14. fxe3 e4 15. Nd4 Bg6 16. dxe4 Bxe4 17. Rf2 c5 18. Nf3 Rbd8 19. Qxd5 Rxd5 20. c4 Rd3 21. Re1 Rfd8 22. Ng5 Bg6 23. e4 Rd1 24. Rxd1 Rxd1+ 25. Kh2 h6 26. Nf3 Bxe4 27. Ne5 f6 28. Ng4 Kf7 29. Re2 Bd3 30. Rf2 Be4 31. Re2 Rd4 32. Nf2 Bc6 33. a4 h5 34. Kg3 h4+ 35. Kh2 g6 36. Re3 Rd2 37. Ne4 Rb2 38. Kg1 g5 39. Kf1 Bxe4 40. Rxe4 Rxb3 41. Kf2 Ra3 42. Re3 Rxe3 43. Kxe3 Ke6 44. Ke4 f5+ 45. Ke3 Ke5 46. a5 a6 47. Kf3 Kd4 48. g3 hxg3 49. Kxg3 Kxc4 50. Kf3 Kd3 51. Kg3 c4 0-1

[Event "San Sebastian op 35th"]
[Site "San Sebastian"]
[Date "2012.04.06"]
[Round "8"]
[White "Lakunza Oyarbide, Juan Carlos"]
[Black "Satyapragyan, Swayangsu"]
[Result "0-1"]
[WhiteElo "2111"]
[BlackElo "2432"]
[PlyCount "84"]
[EventDate "2012.03.31"]
[EventType "swiss"]
[EventRounds "9"]
[EventCountry "ESP"]
[SourceTitle "CBM 147 Extra"]
[Source "ChessBase"]
[SourceDate "2012.04.24"]
[SourceVersion "1"]
[SourceVersionDate "2012.04.24"]
[SourceQuality "1"]

1. d4 Nf6 2. c4 c5 3. Nf3 cxd4 4. Nxd4 b6 5. e3 Bb7 6. Nc3 e6 7. a3 Be7 8. Be2 Nc6 9. 0-0 0-0 10. b3 Rc8 11. Bb2 Qc7 12. Rc1 Qb8 13. Bf3 Na5 14. e4 Bd6 15. g3 Be5 16. Nde2 Nxe4 17. Nxe4 Bxb2 18. Rb1 Bxa3 19. Qxd7 Rfd8 20. Qa4 Be7 21. Bg2 Bxe4 22. Bxe4 Qe5 23. Bf3 Rd3 24. Kg2 Rcd8 25. Nf4 R3d4 26. Rfe1 Qb8 27. Nd5 Bf8 28. Qa1 Rd3 29. Re3 Rxe3 30. Nxe3 Qc7 31. Qc3 Nc6 32. b4 Ne5 33. Be4 Rc8 34. Rc1 a5 35. bxa5 bxa5 36. Rc2 Bc5 37. Nd1 Rd8 38. Nb2 Bd4 39. Qb3 f5 40. Bf3 Rb8 41. Qa2 Nxf3 42. Kxf3 Qb7+ 0-1

[Event "San Sebastian op 35th"]
[Site "San Sebastian"]
[Date "2012.04.02"]
[Round "4"]
[White "Lakunza Oyarbide, Juan Carlos"]
[Black "Bakre, Tejas"]
[Result "0-1"]
[WhiteElo "2111"]
[BlackElo "2513"]
[PlyCount "76"]
[EventDate "2012.03.31"]
[EventType "swiss"]
[EventRounds "9"]
[EventCountry "ESP"]
[SourceTitle "CBM 147 Extra"]
[Source "ChessBase"]
[SourceDate "2012.04.24"]
[SourceVersion "1"]
[SourceVersionDate "2012.04.24"]
[SourceQuality "1"]

1. d4 Nf6 2. c4 e6 3. Nf3 d5 4. g3 Bb4+ 5. Bd2 Be7 6. Bg2 0-0 7. 0-0 c6 8. Bf4 b6 9. Nc3 Bb7 10. Rc1 Nh5 11. Be3 Nd7 12. Qa4 a6 13. cxd5 cxd5 14. Ne5 b5 15. Qb3 Nhf6 16. Bf4 Nb6 17. a4 b4 18. Na2 a5 19. Nxf7 Kxf7 20. Bc7 Qd7 21. Bxb6 Bc6 22. Qe3 Rfb8 23. Bc5 Bxa4 24. b3 Bb5 25. Qd2 Rc8 26. Bxe7 Qxe7 27. Rfe1 Qd7 28. f3 Rxc1 29. Rxc1 Rc8 30. e4 Rxc1+ 31. Nxc1 dxe4 32. fxe4 e5 33. d5 Qa7+ 34. Qf2 Qc7 35. Ne2 Qc2 36. Bf1 Qxe4 37. d6 Bc6 38. Bg2 Qxg2+ 0-1